TESTING COMPUTER SOFTWARE (Registro nro. 54809)
[ vista simple ]
| 000 -LEADER | |
|---|---|
| fixed length control field | 00702nam a2200205 a 4500 |
| 001 - CONTROL NUMBER | |
| control field | 54809 |
| 005 - DATE AND TIME OF LATEST TRANSACTION | |
| control field | 20180714045837.0 |
| 008 - FIXED-LENGTH DATA ELEMENTS--GENERAL INFORMATION | |
| fixed length control field | 140415s1999 000 0 eng d |
| 020 ## - INTERNATIONAL STANDARD BOOK NUMBER | |
| International Standard Book Number | 9780471358466 |
| 041 ## - LANGUAGE CODE | |
| Language code of text/sound track or separate title | eng |
| 082 ## - DEWEY DECIMAL CLASSIFICATION NUMBER | |
| Classification number | 005.14 |
| Item number | KAN |
| 100 1# - MAIN ENTRY--PERSONAL NAME | |
| Personal name | KANER, CEM |
| 245 10 - TITLE STATEMENT | |
| Title | TESTING COMPUTER SOFTWARE |
| 250 ## - EDITION STATEMENT | |
| Edition statement | 2a ed. |
| 260 ## - PUBLICATION, DISTRIBUTION, ETC. | |
| Place of publication, distribution, etc. | [s.l.] : |
| Name of publisher, distributor, etc. | CEM, |
| Date of publication, distribution, etc. | 1999 |
| 300 ## - PHYSICAL DESCRIPTION | |
| Extent | 480 |
| Dimensions | 19 x 2.3 x 23.5 |
| 520 ## - SUMMARY, ETC. | |
| Summary, etc. | THIS BOOK WILL TEACH YOU HOW TO TEST COMPUTER SOFTWARE UNDER REAL-WORLD CONDITIONS. THE AUTHORS HAVE ALL BEEN TEST MANAGERS AND SOFTWARE DEVELOPMENT MANAGERS AT WELL-KNOW SILICON |
| 650 14 - SUBJECT ADDED ENTRY--TOPICAL TERM | |
| Topical term or geographic name entry element | SOFTWARE |
| General subdivision | PRUEBA |
| 700 1# - ADDED ENTRY--PERSONAL NAME | |
| Personal name | FALK, JACK -NGUYEN, HUNG QUOC |
| Relator term | coaut. |
| Withdrawn status | Lost status | Source of classification or shelving scheme | Damaged status | Not for loan | Collection code | Home library | Current library | Shelving location | Date acquired | Source of acquisition | Inventory number | Total Checkouts | Full call number | Barcode | Date last seen | Price effective from | Koha item type | Date last checked out |
|---|---|---|---|---|---|---|---|---|---|---|---|---|---|---|---|---|---|---|
| Dewey Decimal Classification | General | Biblioteca Karol Wojtyla | Biblioteca Karol Wojtyla | Sala general | 03/12/2013 | Compra | 151000000000000000059042 | '005.14 KAN | 82157 | 05/01/2026 | 03/12/2013 | Libro | ||||||
| Dewey Decimal Classification | General | Biblioteca Karol Wojtyla | Biblioteca Karol Wojtyla | Sala general | 03/12/2013 | Compra | 151000000000000000059043 | '005.14 KAN | 82158 | 05/01/2026 | 03/12/2013 | Libro | ||||||
| Dewey Decimal Classification | General | Biblioteca Karol Wojtyla | Biblioteca Karol Wojtyla | Sala general | 03/12/2013 | Compra | 151000000000000000059044 | '005.14 KAN | 82159 | 05/01/2026 | 03/12/2013 | Libro | 26/03/2015 |